000 00667nam a2200193Ia 4500
001 14884
003 GE_BSU
008 181216s||||||||xx |||||||||||||| ||und||
040 _cGE_BSU
080 _a530.1(075.1)(075.8)
100 _aБелов,В.С. Воробьев,Е.М.
245 _aСборник задач по дополнительным главам математической физики
260 _aМосква
260 _bВысшая школа
260 _c1978
300 _a271стр.20см.
653 _aСборник задач по дополнительным главам математической физики
942 _cBK
999 _c48004
_d48004